The consequences of genocide denial : lecture delivered on 25 march 2022 /

Bibliographic Details
Main Author: Stanton, Gregory H.
Format: Book
Language:English
Published: Dhaka : Liberation War Museum, 2023.
Subjects:
Classic Catalogue: View this record in Classic Catalogue
LEADER 01393nam a22002657a 4500
001 45109
003 BD-DhAAL
005 20251124170503.0
008 251123t2023 bg ||||| |||| 00| 0 eng d
020 |a 9789849020796 
040 |a BD-DhAAL  |c BD-DhAAL 
082 |a 364.151  |2 23 
100 |a Stanton, Gregory H.  |9 59871 
245 |a The consequences of genocide denial :  |b lecture delivered on 25 march 2022 /  |c Gregory H. Stanton. 
260 |a Dhaka :  |b Liberation War Museum,  |c 2023. 
300 |a 29 pages :  |b 22 cm 
500 |a Special lecture presented at International seminar on Bangladesh Genocide in 1971 held on 25 March 2022 at Liberation War Museum  
541 |a Complimentary copy from Professor Afsan Chowdhury (Department of English and Humanities, BRAC University).  |e 45109 
650 |a Genocide. 
650 |a Genocide  |v Law and legislation.  |9 59896 
650 |a Bangladesh Genocide  |y 1971.  |9 50807 
651 |a Bangladesh  |x History   |y 1971.  |9 59897 
942 |2 ddc  |c BK 
999 |c 47645  |d 47645 
952 |0 0  |1 0  |2 ddc  |4 0  |6 364_151000000000000_STA  |7 0  |9 78530  |a BRACUL  |b BRACUL  |c BNC  |d 2025-11-23  |e Complimentary copy from Prof. Afsan Chowdhury (Department of English and Humanities, BRAC University).  |g 50.00  |l 0  |o 364.151 STA  |p 3010045109  |r 2025-11-23  |t 1  |v 100.00  |w 2025-11-23  |y BK  |x Complimentary copy from Prof. Afsan Chowdhury (Department of English and Humanities, BRAC University) on 12 November 2025